Normal view
MARC view
- Anitha,K.G
Entry Personal Name
001 - CONTROL NUMBER
- control field: 7307
003 - CONTROL NUMBER IDENTIFIER
- control field: NUST
005 - DATE AND TIME OF LATEST TRANSACTION
- control field: 20171215092509.0
008 - FIXED-LENGTH DATA ELEMENTS
- fixed length control field: 171215|| aca||aabn | a|a d
040 ## - CATALOGING SOURCE
- Original cataloging agency: NUST
- Transcribing agency: NUST
100 ## - HEADING--PERSONAL NAME
- Personal name: Anitha,K.G
670 ## - SOURCE DATA FOUND
- Source citation: Work cat.: (NUST): Anitha,K.G, Industrial Microbiology:, 2011.
